000 00761nam a22002057a 4500
999 _c15177
_d15177
003 OSt
082 _2631.587 JIT/DE
088 _aP 264
100 _aJITHA K. J
_93687
245 _aDesign an appropriate irrigation systems for non irrigated areas of KCAET farm
260 _aTavanur 2013
_bDepartment of Irrigation and Drainage Engineering
300 _a82
500 _aDesign an appropriate irrigation systems for non irrigated areas of KCAET farm
520 _aDesign an appropriate irrigation systems for non irrigated areas of KCAET farm
700 _aSumayya A
_93688
700 _aThulasi Mohan P. U
_93689
700 _aDr. K. V Levan (Guide)
_93464
856 _uhttps://drive.google.com/open?id=1ssrWc9sFlLAXk5PLe4Wbd5nR8_qvCbo2
942 _cPR